Online Catalogue and eLibrary

Globalization, social change and youth (Record no. 2578)

MARC details
000 -LEADER
fixed length control field 00450nam a2200181Ia 4500
005 - DATE AND TIME OF LATEST TRANSACTION
control field 20240402041815.0
008 - FIXED-LENGTH DATA ELEMENTS--GENERAL INFORMATION
fixed length control field 240331s9999 xx 000 0 und d
020 ## - INTERNATIONAL STANDARD BOOK NUMBER
ISBN 9559098454
082 ## - DDC Classification
Item Number - Author Mark GLO
Class No. 330
100 ## - MAIN ENTRY--PERSONAL NAME
Personal name Hettige, S.T.
245 #0 - TITLE STATEMENT
Title Globalization, social change and youth
260 ## - PUBLICATION, DISTRIBUTION, ETC.
Place of publication, distribution, etc. Colombo :
Name of publisher, distributor, etc. German Cultural Institute /
Date of publication, distribution, etc. 1998.
300 ## - PHYSICAL DESCRIPTION
Extent (e.g. Volumes, Pages etc.) 148 p.,
650 ## - SUBJECT ADDED ENTRY--TOPICAL TERM
Topical term or geographic name entry element Sex
650 ## - SUBJECT ADDED ENTRY--TOPICAL TERM
Topical term or geographic name entry element Cultural
650 ## - SUBJECT ADDED ENTRY--TOPICAL TERM
Topical term or geographic name entry element Nationalism
942 ## - Koha item type (Biblio)
Koha item type Books in Stacks (Lending)
Holdings
Lost status Damaged status Collection code Home library Current library Shelving location Date acquired Full call number Accession Number Item type
    Lending WERC Library WERC Library Social Science Cupboard 03/31/2024 330 GLO 5588 Books in Stacks (Lending)

© WERC Library